| Tag |
First Indicator |
Second Indicator |
Subfields |
| LEADER |
00000cam a2200000 a 4500 |
| 001 |
in00000008790 |
| 005 |
20151003090033.0 |
| 008 |
860509s1986 oru 00110 eng |
| 010 |
|
|
|a 86011315
|
| 020 |
|
|
|a 0914073028 (pbk. : alk. paper)
|
| 035 |
|
|
|a (OCoLC)13644375
|
| 035 |
|
|
|9 AAA1202AM
|
| 040 |
|
|
|a DLC
|c DLC
|d m/c
|d TXA
|d UtOrBLW
|
| 050 |
0 |
0 |
|a BX4700.J7
|b A8 1986
|
| 082 |
0 |
|
|a 248.2/2
|2 19
|
| 100 |
1 |
|
|a Arraj, Jim.
|
| 245 |
1 |
0 |
|a St. John of the Cross and Dr. C.G. Jung :
|b Christian mysticism in the light of Jungian psychology /
|c James Arraj.
|
| 264 |
|
1 |
|a Chiloquin, OR :
|b Tools for Inner Growth,
|c [1986]
|
| 264 |
|
4 |
|c ©1986
|
| 300 |
|
|
|a 199 pages ;
|c 22 cm.
|
| 336 |
|
|
|a text
|b txt
|2 rdacontent
|
| 337 |
|
|
|a unmediated
|b n
|2 rdamedia
|
| 338 |
|
|
|a volume
|b nc
|2 rdacarrier
|
| 504 |
|
|
|a Bibliography: pages [178]-186.
|
| 500 |
|
|
|a Includes index.
|
| 600 |
0 |
0 |
|a John of the Cross,
|c Saint,
|d 1542-1591.
|
| 600 |
1 |
0 |
|a Jung, C. G.
|q (Carl Gustav),
|d 1875-1961.
|
| 650 |
|
0 |
|a Christianity
|x Psychology
|x History.
|
| 740 |
0 |
|
|a Saint John of the Cross and Dr. C.G. Jung.
|
| 999 |
|
|
|a MARS
|
| 999 |
f |
f |
|s 6874f1bd-ab0c-30e1-ba81-5f4873687aee
|i 3d0d12f4-8025-376b-9a70-bb3cdd3371ee
|t 0
|
| 952 |
f |
f |
|p ric
|a Texas A&M University
|b Rellis Campus
|c Joint Library Facility
|d Remote Storage
|t 0
|e BX4700.J7 A8 1986
|h Library of Congress classification
|i unmediated -- volume
|m A14812615478
|
| 998 |
f |
f |
|a BX4700.J7 A8 1986
|t 0
|l Remote Storage
|